[Event "Ile et Vilaine-ch"]
[Site "Ile et Vilaine"]
[Date "2003.05.25"]
[Round "5"]
[White "Morla, Antoine"]
[Black "Peron Luhrs, Vincent"]
[Result "1-0"]
[WhiteElo "1460"]
[BlackElo "1499"]
[PlyCount "65"]
[EventDate "2002.10.19"]
[EventType "swiss"]
[EventRounds "7"]
[EventCountry "FRA"]
[SourceTitle "EXT 2008"]
[Source "ChessBase"]
[SourceDate "2007.11.25"]
[SourceVersion "1"]
[SourceVersionDate "2007.11.25"]
[SourceQuality "1"]

1. d4 Nf6 2. c4 e6 3. Nf3 b6 4. a3 Bb7 5. e3 Be7 6. Nc3 0-0 7. Be2 d5 8. 0-0 Nbd7 9. Re1 a6 10. b4 dxc4 11. Bxc4 b5 12. Bb3 c6 13. e4 Nb6 14. Bc2 Qc7 15. Qd3 g6 16. h4 Rfd8 17. Bg5 Kg7 18. Qe3 Kh8 19. Ne5 Ng8 20. Qf4 Bxg5 21. Nxg6+ fxg6 22. Qxc7 Bd2 23. Red1 Bxc3 24. Qxb7 Bxd4 25. Rxd4 Rxd4 26. Qxb6 Rd2 27. Bb3 e5 28. Rd1 Re2 29. Rd8 Rxd8 30. Qxd8 Kg7 31. Qxg8+ Kh6 32. Qf8+ Kh5 33. Qf3+ 1-0